000 00354nam a2200145Ia 4500
008 240624s9999 xx 000 0 und d
041 _aeng
082 _a658.8342 HEW
100 _aHEWER PAUL
245 _aNEW DIRECTIONS IN CONSUMER RESEARCH
260 _c2015
_aNew Delhi
_bSage
300 _axxvi, 311 p.; 23 cm.
365 _cBPS
_b38
440 _v2
999 _c30993
_d30993